Komárom-Esztergom megye települései - Statistics

General Stats
  • This quiz has been taken 30 times
  • The average score is 31 of 77
Answer Stats
Válaszok % Correct
Esztergom
96%
Komárom
96%
Tát
96%
Tata
96%
Tatabánya
96%
Dorog
74%
Ács
65%
Baj
65%
Tokod
65%
Lábatlan
61%
Nyergesújfalu
61%
Oroszlány
61%
Tarján
61%
Almásfüzitő
57%
Süttő
57%
Tokodaltáró
57%
Bajna
48%
Bajót
48%
Csolnok
48%
Héreg
48%
Kocs
48%
Neszmély
48%
Sárisáp
48%
Vértesszőlős
48%
Dad
43%
Dág
43%
Kisbér
43%
Tardos
43%
Úny
43%
Annavölgy
39%
Bábolna
39%
Császár
39%
Kömlőd
39%
Nagysáp
39%
Vértessomló
39%
Csép
35%
Dunaalmás
35%
Gyermely
35%
Kesztölc
35%
Környe
35%
Naszály
35%
Aka
30%
Bakonysárkány
30%
Bakonyszombathely
30%
Bana
30%
Bokod
30%
Dömös
30%
Ete
30%
Kecskéd
30%
Leányvár
30%
Máriahalom
30%
Mocsa
30%
Piliscsév
30%
Pilismarót
30%
Vértestolna
30%
Ácsteszér
26%
Ászár
26%
Csém
26%
Epöl
26%
Kisigmánd
26%
Nagyigmánd
26%
Szákszend
26%
Szárliget
26%
Szomód
26%
Szomor
26%
Vérteskethely
26%
Bársonyos
22%
Csatka
22%
Dunaszentmiklós
22%
Súr
22%
Tárkány
22%
Várgesztes
22%
Bakonybánk
17%
Mogyorósbánya
17%
Kerékteleki
13%
Réde
13%
Környebánya
9%
No matching quizzes found
Score Distribution
Percent of People with Each Score
Percentile by Number Answered
Your Score History
You have not taken this quiz